Tratado de teología espiritual

Saved in:
Bibliografiske detaljer
Hovedforfatter: Illanes Maestre, José Luis (autor)
Format: Bog
Sprog:spansk
Udgivet: Pamplona EUNSA 2007
Udgivelse:1a. ed
Serier:Bilioteca de Teología, 33
Fag:
Tags: Tilføj Tag
Ingen Tags, Vær først til at tagge denne postø!

MARC

LEADER 00000nam a2200000 a 4500
001 UCI8198
003 CL-VaPUC
008 080813e20070000SP |||||||||||||||||spa|d
020 |a 9788431324636 
082 0 4 |a 248  |b ILL  |2 21 
100 |a Illanes Maestre, José Luis  |e autor  |9 321685 
245 1 0 |a Tratado de teología espiritual 
250 |a 1a. ed 
300 |a 593 p 
942 |c BK 
945 |d 20080813 00:00:00  |a rbrito 
260 |a Pamplona  |b EUNSA  |c 2007 
650 0 |a Espiritualidad   |9 267331 
650 0 |a Teología espiritual  |9 431525 
650 0 |a Vida espiritual  |9 307811 
583 |a last modification  |c 20080813 00:00:00  |k Rodrigo Vera 
490 0 |a Bilioteca de Teología, 33 
999 |c 331219  |d 331217 
952 |0 0  |1 0  |4 0  |6 248_000000000000000_ILL_2007  |7 0  |8 A  |9 417468  |a BIBTEO  |b BIBTEO  |d 2019-11-22  |i 4472519  |l 3  |m 2  |o 248 ILL 2007  |p 4472519  |r 2025-03-28  |s 2025-03-07  |w 2019-11-22  |y BK  |k ICR